000 01252nam a2200289 i 4500
001 000032247
003 DO-SdBNP
005 20250711124154.0
007 ta
008 110713s2002 dr abcd 000 0 spa d
040 _aDO-SdBNP
_bspa
_cBNPHU
_erda
082 4 _a371.207
_bR426g
_222
110 1 _aRepública Dominicana.
_bSecretaría de Estado de Educación
_9607
245 1 0 _aGestión educativa 2000-2004
246 3 4 _aRendición de cuentas :
_barea docente
264 _aSanto Domingo :
_bSecretaría de Estado de Educación,
_c2004.
300 _avolumenes :
_bilustracione ., gráficas., mapas, retratos.
_c28 cm.
336 _2rdacontent
_atexto
_btxt
337 _2rdamedia
_asin mediación
_bn
338 _2rdacarrier
_avolumen
_bnc
505 0 _av.1--
_tRendición de cuentas (Resumen ejecutivo)--
_gv. 2--
_tRendición de cuentas (Área docente) --
_gv. 3--
_tRendición de cuentas : informe de logros de cooperación internacional en el período agosto 2000 a junio 2004--
_gv.4--
_tOficina de Planificación Educativa. Informe gestión 2000-2004.
590 _aInventariado,2018/DG
650 0 _aPlanificación educativa
_917484
650 4 _aDesarrollo educativo
_910501
910 _aValidado. Control de calidad MFF
942 _2ddc
_cLBS1
999 _c31738
_d31738